| 000 | 00414nam a2200157Ia 4500 | ||
|---|---|---|---|
| 008 | 210210b2005 xxu||||| |||| 00| 0 eng d | ||
| 020 | _a81 272 1799 9 | ||
| 082 | _a657.046 JAIA | ||
| 100 | _aJAIN (S P) and NARANG (K L). | ||
| 245 | _aAdvanced accountancy. Vol.3 | ||
| 260 |
_aND _bKalyani Publishers _c2005 |
||
| 300 | _aIII-313 | ||
| 650 | _aAdvanced accountancy | ||
| 690 | _aAccountancy | ||
| 906 | _a060342 | ||
| 999 |
_c107438 _d107438 |
||